00609nam a22001817a 4500003000900000005001700009008004100026040002300067050001100090082000700101100003800108245007800146250001200224526000900236942001200245999001300257952015700270BD-DhUIB20251014153307.0251014b |||||||| |||| 00| 0 eng d aBD-DhUIBcBD-DhUIB a300.72 222 aSufian, Abu Jafar Mohammad.91014 aMehods and techniques of social research/cby Mohammad, Sufian Abu Jafar. a2nd ed. aBBA. 2ddccBK c558d558 00102ddc40708NFICaIBALbIBALcGENd2019-01-06ePurchasel1o300.72 Su29mp00049974q2025-10-28r2025-10-14 05:44:24s2025-10-14t01w2025-10-14yBK